000 00518nam a2200181Ia 4500
005 20250508163509.0
008 008 250505s9999 xx 000 0 eng d
037 _aDissertations
040 _aFEDL
_beng
_cFEDL
041 _aeng
_2eng
084 _a371.2, AGN/DI
_qFEDL
100 _aAgnihotri Seema
_9528632
245 0 _aMental mapping as a classroom strategy
260 _c1994
546 _aM. Ed. Dissertation (Delhi University)
942 _cDIS
_h371.2, AGN/DI
999 _c1383692
_d1383692